Human physiology

Αποθηκεύτηκε σε:
Λεπτομέρειες βιβλιογραφικής εγγραφής
Κύριος συγγραφέας: Fox, Stuart Ira
Μορφή: Βιβλίο
Γλώσσα:Undetermined
Έκδοση: Boston McGraw-Hill 2006
Θέματα:
Ετικέτες: Προσθήκη ετικέτας
Δεν υπάρχουν, Καταχωρήστε ετικέτα πρώτοι!
Thư viện lưu trữ: Trung tâm Học liệu Trường Đại học Cần Thơ
LEADER 00559nam a2200217Ia 4500
001 CTU_100631
008 210402s9999 xx 000 0 und d
020 |c 959000 
082 |a 612 
082 |b F791 
100 |a Fox, Stuart Ira 
245 0 |a Human physiology 
245 0 |c Stuart Ira Fox 
260 |a Boston 
260 |b McGraw-Hill 
260 |c 2006 
526 |a Sinh lý người và động vật 
526 |b SP417 
650 |a Human physiology 
904 |i Tuyến 
980 |a Trung tâm Học liệu Trường Đại học Cần Thơ